000 00919cam a2200253 a 4500
999 _c128378
_d128378
001 3426489
003 ARRUPE
005 20181012115428.0
008 901211s1990 vc b 000 0 eng
010 _a 90226156
040 _aDLC
_cDLC
_dDLC
050 0 0 _aBX1753
_b.C315 1990
082 0 0 _a261.8
_220
100 1 _aCarrier, Hervé,
_d1921-
_942913
245 1 4 _aThe social doctrine of the Church revisited :
_ba guide for study /
_cHervé Carrier.
260 _aVatican City :
_bPontifical Council for Justice and Peace,
_c1990.
300 _a190 p. ;
_c21 cm.
504 _aIncludes bibliographical references (p. [189]-190).
610 2 0 _aCatholic Church
_xDoctrines.
_942914
650 0 _aChristian sociology
_xCatholic Church.
_942915
906 _a7
_bcbc
_corignew
_d2
_encip
_f19
_gy-gencatlg
942 _2lcc
_cMONOGRAPH